000 00810nam a2200253Ia 4500
003 OSt
005 20221005084922.0
006 a|||||r|||| 00| 0
007 ta
008 221004b |||||||| |||| 00| 0 eng d
020 _a9781108445443 (pbk)
_cUKP 21.99
024 _a43626
037 _b13886, 15/03/2019, Elite Publishers Distributors
_cTextual
040 _aCRL
_cCRL
_beng
041 _2eng
_aeng
082 _aWxI69, Q8
100 _aWinter Yves Au.
_9613696
245 0 _aMachiavelli and the orders of violence
260 _aNew York
_bCambridge University press USA
_c2018
300 _axi,230p.
_ccm.
650 _aMACHIAVELLI, NICCOLO
_9613697
942 _hWxI69, Q8
_cTEXL
_2cc
999 _c993299
_d993299